[Event "FICGS no engines 00 email"]
[Site "FICGS email"]
[Date "2020.07.30"]
[Round "1"]
[White "Chernov, Andrey"]
[Black "Segovia, Didier"]
[Result "0-1"]
[WhiteElo "1800"]
[BlackElo "1020"]
[PlyCount "34"]
[EventDate "2020.??.??"]
[EventType "swiss (corr)"]
[EventRounds "1"]
[SourceTitle "Corr 2022"]
[Source "ChessBase"]
[SourceDate "2021.10.24"]
[SourceVersion "1"]
[SourceVersionDate "2021.10.24"]
[SourceQuality "1"]

1. e4 e5 2. Nf3 d6 3. d4 Bg4 4. dxe5 Bxf3 5. gxf3 Ne7 6. exd6 cxd6 7. Bf4 g6 8. Na3 Nec6 9. Nb5 d5 10. Nc7+ Ke7 11. Nxa8 Bg7 12. exd5 Ne5 13. Bg5+ f6 14. Bf4 Kf7 15. Bxe5 fxe5 16. Bh3 Na6 17. Be6+ Ke7 0-1

[Event "FICGS rapid E 000239 email"]
[Site "FICGS email"]
[Date "2020.06.14"]
[Round "1"]
[White "Segovia, Didier"]
[Black "Hadden, John"]
[Result "0-1"]
[WhiteElo "1020"]
[BlackElo "1173"]
[PlyCount "56"]
[EventDate "2020.??.??"]
[EventType "tourn (rapid)"]
[EventRounds "6"]
[SourceTitle "Corr 2022"]
[Source "ChessBase"]
[SourceDate "2021.10.24"]
[SourceVersion "1"]
[SourceVersionDate "2021.10.24"]
[SourceQuality "1"]

1. e4 e5 2. Nf3 Nc6 3. c3 Nf6 4. d3 d6 5. Bg5 h6 6. Bh4 Be7 7. Be2 Be6 8. 0-0 g5 9. Bg3 Qd7 10. b4 Nh7 11. a3 f5 12. exf5 Bxf5 13. h3 h5 14. Bh2 g4 15. hxg4 hxg4 16. Nfd2 Ng5 17. Nc4 0-0-0 18. Nbd2 d5 19. Nxe5 Nxe5 20. Bxe5 Rh6 21. d4 Bd6 22. Bxd6 Qxd6 23. g3 Nf3+ 24. Nxf3 Rdh8 25. Nh4 Qf6 26. f4 Rxh4 27. gxh4 Qxh4 28. Bxg4 Qh2# 0-1

[Event "LSS No Engine Cup 204 Preliminary 0"]
[Site "LSS email"]
[Date "2020.06.05"]
[Round "?"]
[White "Louro, Eugenio Diogo"]
[Black "Segovia, Didier"]
[Result "1-0"]
[WhiteElo "1892"]
[BlackElo "1172"]
[PlyCount "61"]
[EventDate "2020.06.05"]
[EventType "tourn (corr)"]
[EventRounds "6"]
[EventCountry "GER"]
[SourceTitle "Corr 2022"]
[Source "ChessBase"]
[SourceDate "2021.10.24"]
[SourceVersion "1"]
[SourceVersionDate "2021.10.24"]
[SourceQuality "1"]

1. b4 e5 2. a3 d5 3. Bb2 d4 4. Nf3 Bd6 5. c4 b6 6. e3 Nc6 7. exd4 Qe7 8. Qa4 Bd7 9. c5 Nxd4 10. cxd6 Qxd6 11. Qd1 Bg4 12. Be2 0-0-0 13. Nxd4 Bxe2 14. Nxe2 Ne7 15. 0-0 f6 16. d4 Nc6 17. Nd2 exd4 18. Nf3 d3 19. Ned4 Ne5 20. Nxe5 fxe5 21. Nb5 Qd7 22. Bxe5 c6 23. Nd6+ Kc7 24. Qxd3 Kb8 25. Nf7+ Ka8 26. Qxd7 Rxd7 27. Nxh8 a6 28. Rad1 Re7 29. Rd8+ Kb7 30. Rfd1 a5 31. R1d7+ 1-0

[Event "LSS No Engine Cup 204 Preliminary 0"]
[Site "LSS email"]
[Date "2020.06.05"]
[Round "?"]
[White "Segovia, Didier"]
[Black "Chura, Michal"]
[Result "0-1"]
[WhiteElo "1172"]
[BlackElo "1507"]
[PlyCount "50"]
[EventDate "2020.06.05"]
[EventType "tourn (corr)"]
[EventRounds "6"]
[EventCountry "GER"]
[SourceTitle "Corr 2022"]
[Source "ChessBase"]
[SourceDate "2021.10.24"]
[SourceVersion "1"]
[SourceVersionDate "2021.10.24"]
[SourceQuality "1"]

1. e4 Nf6 2. Nc3 d5 3. e5 d4 4. exf6 dxc3 5. bxc3 exf6 6. d4 Be7 7. Nf3 Qd5 8. Be3 Bg4 9. Be2 Nd7 10. c4 Qa5+ 11. Bd2 Bb4 12. c3 Bxc3 13. Bxc3 Qxc3+ 14. Nd2 Bxe2 15. Kxe2 Qxd4 16. Kf1 0-0-0 17. g3 Ne5 18. Kg2 Qxd2 19. c5 Qc3 20. Qc1 Qf3+ 21. Kg1 Rd5 22. Rb1 Rhd8 23. Qf1 Rd1 24. Rb3 Rxf1+ 25. Kxf1 Rd1# 0-1

[Event "LSS No Engine Cup 204 Preliminary 0"]
[Site "LSS email"]
[Date "2020.06.05"]
[Round "?"]
[White "Segovia, Didier"]
[Black "Krakovsky, Peter"]
[Result "1-0"]
[WhiteElo "1172"]
[BlackElo "1600"]
[PlyCount "21"]
[EventDate "2020.06.05"]
[EventType "tourn (corr)"]
[EventRounds "6"]
[EventCountry "GER"]
[SourceTitle "Corr 2022"]
[Source "ChessBase"]
[SourceDate "2021.10.24"]
[SourceVersion "1"]
[SourceVersionDate "2021.10.24"]
[SourceQuality "1"]

1. e4 c6 2. d4 d5 3. e5 Bf5 4. Bd2 e6 5. Bd3 Bxd3 6. cxd3 c5 7. Qa4+ Nc6 8. a3 cxd4 9. Nf3 Nge7 10. Nxd4 Qd7 11. 0-0 1-0

[Event "FICGS no engines 00 email"]
[Site "FICGS email"]
[Date "2016.10.12"]
[Round "1"]
[White "Balosetti, Davide"]
[Black "Segovia, Didier"]
[Result "1-0"]
[WhiteElo "2000"]
[BlackElo "1020"]
[PlyCount "23"]
[EventDate "2016.??.??"]
[EventType "swiss (corr)"]
[EventRounds "1"]
[SourceTitle "Corr 2022"]
[Source "ChessBase"]
[SourceDate "2021.10.24"]
[SourceVersion "1"]
[SourceVersionDate "2021.10.24"]
[SourceQuality "1"]

1. e4 e5 2. Nf3 d6 3. d4 Bg4 4. dxe5 Bxf3 5. Qxf3 dxe5 6. Bc4 Nf6 7. Bg5 Be7 8. Nd2 0-0 9. 0-0-0 Nbd7 10. Nb3 a6 11. Bxf6 Bxf6 12. Nc5 1-0

[Event "FICGS no engines 00 email"]
[Site "FICGS email"]
[Date "2016.10.12"]
[Round "1"]
[White "Goldmund, Heike"]
[Black "Segovia, Didier"]
[Result "1-0"]
[WhiteElo "1148"]
[BlackElo "1020"]
[PlyCount "91"]
[EventDate "2016.??.??"]
[EventType "swiss (corr)"]
[EventRounds "1"]
[SourceTitle "Corr 2022"]
[Source "ChessBase"]
[SourceDate "2021.10.24"]
[SourceVersion "1"]
[SourceVersionDate "2021.10.24"]
[SourceQuality "1"]

1. e4 e5 2. Nf3 d6 3. Bc4 Bg4 4. 0-0 Nf6 5. Re1 Be7 6. c3 0-0 7. d3 c6 8. b4 b5 9. Bb3 Qb6 10. Be3 Qc7 11. Nbd2 Nbd7 12. Qc2 Nh5 13. h3 Bxf3 14. Nxf3 Bf6 15. d4 Nb6 16. a3 h6 17. dxe5 dxe5 18. Rad1 Rad8 19. Rxd8 Rxd8 20. Rd1 a6 21. Rxd8+ Bxd8 22. Nh2 Nd7 23. Ng4 Be7 24. Qe2 a5 25. Qf3 Ndf6 26. Nxf6+ Nxf6 27. Qg3 Nxe4 28. Qf3 Nxc3 29. Bd2 Na4 30. Qxf7+ Kh7 31. Qf5+ Kh8 32. Qf7 Qd8 33. Bc2 Qf8 34. Qxf8+ Bxf8 35. g3 axb4 36. axb4 Nb6 37. Be4 Nc4 38. Bc3 g5 39. Bxc6 Na3 40. Bxe5+ Bg7 41. Bd6 Nc4 42. Bc5 Na3 43. Kg2 h5 44. f4 g4 45. hxg4 hxg4 46. Bd7 1-0

[Event "FICGS no engines 00 email"]
[Site "FICGS email"]
[Date "2016.10.12"]
[Round "1"]
[White "Segovia, Didier"]
[Black "Niglio, Biagio"]
[Result "0-1"]
[WhiteElo "1020"]
[BlackElo "1193"]
[PlyCount "60"]
[EventDate "2016.??.??"]
[EventType "swiss (corr)"]
[EventRounds "1"]
[SourceTitle "Corr 2022"]
[Source "ChessBase"]
[SourceDate "2021.10.24"]
[SourceVersion "1"]
[SourceVersionDate "2021.10.24"]
[SourceQuality "1"]

1. e4 c6 2. c3 d5 3. e5 Bf5 4. d4 e6 5. Nf3 Nd7 6. Be2 Ne7 7. 0-0 c5 8. Bb5 Nc6 9. a3 cxd4 10. cxd4 Be7 11. Nc3 0-0 12. Ne2 Rc8 13. b4 a6 14. Bd3 Bxd3 15. Qxd3 Nb6 16. Nc3 Qc7 17. Ng5 Bxg5 18. Bxg5 Nxe5 19. Qg3 Ng6 20. Rac1 Qxg3 21. fxg3 h6 22. Be3 Nc4 23. Bf2 Nxa3 24. Be1 Nb5 25. Bd2 Nxd4 26. Rb1 Rxc3 27. Bxc3 Ne2+ 28. Kh1 Nxc3 29. Rbc1 d4 30. h4 Ne2 0-1

[Event "OP-2016-0-04029"]
[Site "LSS email"]
[Date "2016.04.26"]
[Round "?"]
[White "Molina, Vicente Andres"]
[Black "Segovia, Didier"]
[Result "1-0"]
[WhiteElo "725"]
[BlackElo "406"]
[PlyCount "75"]
[EventDate "2016.04.21"]
[EventType "tourn (corr)"]
[EventRounds "4"]
[EventCountry "GER"]
[SourceTitle "Corr 2022"]
[Source "ChessBase"]
[SourceDate "2021.10.24"]
[SourceVersion "1"]
[SourceVersionDate "2021.10.24"]
[SourceQuality "1"]

1. c4 c5 2. Nf3 Nc6 3. d4 d6 4. d5 Ne5 5. Nxe5 dxe5 6. e4 Nf6 7. Nc3 g6 8. Be2 Bg7 9. 0-0 0-0 10. f4 exf4 11. e5 Nh5 12. Bxh5 gxh5 13. Qxh5 Bxe5 14. Qxe5 f3 15. Rxf3 f6 16. Rg3+ Kh8 17. Qh5 Qe8 18. Qh4 Qf7 19. Bh6 Rg8 20. Rxg8+ Kxg8 21. Rf1 Bd7 22. Rf3 Kh8 23. Ne4 f5 24. Ng5 Qg6 25. b4 b6 26. bxc5 bxc5 27. Nh3 Re8 28. Nf4 Qf6 29. Bg5 Qf7 30. Nd3 a5 31. Nxc5 Bc8 32. Rh3 Rg8 33. Ne6 Bxe6 34. dxe6 Qg7 35. Rg3 Rf8 36. Bxe7 Qa1+ 37. Kf2 Re8 38. Bf6+ 1-0

[Event "OP-2016-0-04029"]
[Site "LSS email"]
[Date "2016.04.26"]
[Round "?"]
[White "Segovia, Didier"]
[Black "Masek, Lubos"]
[Result "0-1"]
[WhiteElo "406"]
[BlackElo "1000"]
[PlyCount "58"]
[EventDate "2016.04.21"]
[EventType "tourn (corr)"]
[EventRounds "4"]
[EventCountry "GER"]
[SourceTitle "Corr 2022"]
[Source "ChessBase"]
[SourceDate "2021.10.24"]
[SourceVersion "1"]
[SourceVersionDate "2021.10.24"]
[SourceQuality "1"]

1. e4 c5 2. c3 d5 3. e5 g6 4. d4 e6 5. Nf3 a6 6. Be2 Nc6 7. 0-0 cxd4 8. cxd4 Bh6 9. Nc3 Bxc1 10. Rxc1 Nge7 11. Bd3 b5 12. b4 Nxb4 13. a3 Nxd3 14. Qxd3 Bb7 15. h3 0-0 16. Ne2 Qb6 17. Ng5 Rac8 18. Nf4 h6 19. Nf3 Kg7 20. g4 Rc4 21. Rxc4 dxc4 22. Qc3 Nd5 23. Nxd5 Bxd5 24. Rb1 Bxf3 25. a4 Qc6 26. Kh2 Rb8 27. a5 Be4 28. Ra1 b4 29. Qg3 b3 0-1

[Event "BI-2015-P-0000"]
[Site "LSS email"]
[Date "2015.04.16"]
[Round "?"]
[White "Bienkowski, Alejandro"]
[Black "Segovia, Didier"]
[Result "1-0"]
[WhiteElo "1907"]
[BlackElo "404"]
[PlyCount "23"]
[EventDate "2015.04.22"]
[EventType "tourn (corr)"]
[EventRounds "10"]
[EventCountry "GER"]
[SourceTitle "Corr 2022"]
[Source "ChessBase"]
[SourceDate "2021.10.24"]
[SourceVersion "1"]
[SourceVersionDate "2021.10.24"]
[SourceQuality "1"]

1. e4 e5 2. Nf3 d6 3. d4 Bg4 4. dxe5 Bxf3 5. Qxf3 dxe5 6. Bc4 Qd7 7. Nc3 f6 8. Be3 c6 9. Rd1 Qc7 10. Qh5+ g6 11. Qh3 g5 12. Qh5+ 1-0

[Event "BI-2015-P-0000"]
[Site "LSS email"]
[Date "2015.04.16"]
[Round "?"]
[White "Kudela, Pavel"]
[Black "Segovia, Didier"]
[Result "1-0"]
[WhiteElo "1308"]
[BlackElo "404"]
[PlyCount "49"]
[EventDate "2015.04.22"]
[EventType "tourn (corr)"]
[EventRounds "10"]
[EventCountry "GER"]
[SourceTitle "Corr 2022"]
[Source "ChessBase"]
[SourceDate "2021.10.24"]
[SourceVersion "1"]
[SourceVersionDate "2021.10.24"]
[SourceQuality "1"]

1. d4 d5 2. c4 c6 3. Nf3 Bg4 4. e3 Nf6 5. Nc3 e6 6. h3 Bxf3 7. Qxf3 Bb4 8. a3 Bxc3+ 9. bxc3 0-0 10. Bd3 Nbd7 11. 0-0 b6 12. e4 c5 13. Bg5 h6 14. Bh4 dxe4 15. Bxe4 Rb8 16. Bg3 Rc8 17. Bb7 a5 18. Bxc8 Qxc8 19. d5 exd5 20. cxd5 c4 21. Rfe1 Qc5 22. d6 Nd5 23. Rad1 b5 24. Qxd5 Qxa3 25. Qxb5 1-0

[Event "BI-2015-P-0000"]
[Site "LSS email"]
[Date "2015.04.16"]
[Round "?"]
[White "Segovia, Didier"]
[Black "Frendzas, Panayotis"]
[Result "0-1"]
[WhiteElo "404"]
[BlackElo "2558"]
[PlyCount "42"]
[EventDate "2015.04.22"]
[EventType "tourn (corr)"]
[EventRounds "10"]
[EventCountry "GER"]
[SourceTitle "Corr 2022"]
[Source "ChessBase"]
[SourceDate "2021.10.24"]
[SourceVersion "1"]
[SourceVersionDate "2021.10.24"]
[SourceQuality "1"]

1. e4 c5 2. c3 Nf6 3. d3 Nc6 4. Nf3 e6 5. Bg5 h6 6. Bh4 d6 7. Be2 Be7 8. 0-0 0-0 9. Nbd2 b6 10. Nc4 Bb7 11. a3 b5 12. Ne3 a5 13. Qc2 a4 14. h3 Nh5 15. Bxe7 Nxe7 16. Nh4 Nf4 17. Bf3 Nc6 18. Rad1 Qxh4 19. Kh2 Ne5 20. Ng4 Nxf3+ 21. gxf3 Qxh3+ 0-1

[Event "BI-2015-P-0000"]
[Site "LSS email"]
[Date "2015.04.16"]
[Round "?"]
[White "Segovia, Didier"]
[Black "Schmidt, Johannes"]
[Result "0-1"]
[WhiteElo "404"]
[BlackElo "1459"]
[PlyCount "52"]
[EventDate "2015.04.22"]
[EventType "tourn (corr)"]
[EventRounds "10"]
[EventCountry "GER"]
[SourceTitle "Corr 2022"]
[Source "ChessBase"]
[SourceDate "2021.10.24"]
[SourceVersion "1"]
[SourceVersionDate "2021.10.24"]
[SourceQuality "1"]

1. e4 c5 2. c3 Nf6 3. d3 g6 4. Bg5 Bg7 5. Nf3 0-0 6. Be2 Nc6 7. 0-0 d5 8. e5 Ne8 9. d4 cxd4 10. cxd4 f6 11. exf6 exf6 12. Be3 Nd6 13. Bd3 Nf5 14. Bb5 Nxe3 15. fxe3 Re8 16. Re1 Bh6 17. Qd3 Bf5 18. Qc3 Rc8 19. a3 Re7 20. Nbd2 Na5 21. Qb4 Bf8 22. Qa4 Bc2 23. Nb3 Nxb3 24. Ra2 a6 25. Be2 Rxe3 26. Nd2 Nxd2 0-1

[Event "SN-2013-0-00560"]
[Site "LSS email"]
[Date "2013.12.16"]
[Round "?"]
[White "Puri, Chaand"]
[Black "Segovia, Didier"]
[Result "1-0"]
[WhiteElo "535"]
[BlackElo "432"]
[PlyCount "25"]
[EventDate "2013.12.06"]
[EventType "tourn (corr)"]
[EventRounds "6"]
[EventCountry "GER"]
[SourceTitle "Corr 2022"]
[Source "ChessBase"]
[SourceDate "2021.10.24"]
[SourceVersion "1"]
[SourceVersionDate "2021.10.24"]
[SourceQuality "1"]

1. e4 e5 2. Nf3 Nc6 3. Bc4 h6 4. d3 Nf6 5. Be3 a6 6. 0-0 b5 7. Bb3 a5 8. c3 Be7 9. a3 0-0 10. d4 d6 11. d5 Na7 12. c4 a4 13. Bc2 1-0

[Event "RN-2013-0-00733"]
[Site "LSS email"]
[Date "2013.12.08"]
[Round "?"]
[White "Newton, Daryl"]
[Black "Segovia, Didier"]
[Result "1-0"]
[WhiteElo "503"]
[BlackElo "489"]
[PlyCount "57"]
[EventDate "2013.11.20"]
[EventType "tourn (corr)"]
[EventRounds "6"]
[EventCountry "GER"]
[SourceTitle "Telechess CBM 167"]
[Source "ChessBase"]
[SourceDate "2015.07.13"]
[SourceVersion "1"]
[SourceVersionDate "2015.07.13"]
[SourceQuality "1"]

1. e4 e5 2. Bc4 Nf6 3. d3 Nc6 4. Nf3 h6 5. c3 d5 6. exd5 Nxd5 7. Qe2 Bg4 8. h3 Bh5 9. d4 e4 10. Qxe4+ Nde7 11. Be3 Qd7 12. Qf4 Qf5 13. Qxc7 Bxf3 14. gxf3 Qxf3 15. Rh2 a5 16. Qxb7 Rb8 17. Qa6 Kd7 18. Be2 Qe4 19. Nd2 Qc2 20. Bd1 Qxb2 21. Rb1 Qxa2 22. Qd3 Rxb1 23. Nxb1 a4 24. Bg4+ f5 25. Bxf5+ Nxf5 26. Qxf5+ Qe6 27. Qd3 Qd6 28. Rg2 a3 29. Qc2 1-0

[Event "RN-2013-0-00733"]
[Site "LSS email"]
[Date "2013.12.08"]
[Round "?"]
[White "Venturas, Bob"]
[Black "Segovia, Didier"]
[Result "1-0"]
[WhiteElo "787"]
[BlackElo "432"]
[PlyCount "29"]
[EventDate "2013.11.20"]
[EventType "tourn (corr)"]
[EventRounds "6"]
[EventCountry "GER"]
[SourceTitle "Corr 2022"]
[Source "ChessBase"]
[SourceDate "2021.10.24"]
[SourceVersion "1"]
[SourceVersionDate "2021.10.24"]
[SourceQuality "1"]

1. d4 d5 2. c4 c6 3. Bd2 Bg4 4. h3 Bh5 5. Nc3 e6 6. Qb3 b6 7. c5 bxc5 8. Qb7 Nd7 9. Nb5 cxb5 10. Qxb5 Rb8 11. Qa4 Rxb2 12. dxc5 Qc8 13. e3 Qxc5 14. Rc1 Qa3 15. Rc8+ 1-0

[Event "LSS No Engine Cup 98 Preliminary 0"]
[Site "LSS email"]
[Date "2013.11.20"]
[Round "?"]
[White "Plotnikov, Vladimir Anatolievi"]
[Black "Segovia, Didier"]
[Result "1-0"]
[WhiteElo "1244"]
[BlackElo "919"]
[PlyCount "71"]
[EventDate "2013.11.21"]
[EventType "tourn (corr)"]
[EventRounds "6"]
[EventCountry "GER"]
[SourceTitle "Corr 2022"]
[Source "ChessBase"]
[SourceDate "2021.10.24"]
[SourceVersion "1"]
[SourceVersionDate "2021.10.24"]
[SourceQuality "1"]

1. e4 e5 2. Nf3 d6 3. Bc4 Bg4 4. Nc3 c6 5. a3 Nf6 6. h3 Bxf3 7. Qxf3 b5 8. Ba2 Be7 9. d3 0-0 10. Qg3 Nh5 11. Qg4 Nf6 12. Qf3 Nbd7 13. 0-0 a5 14. Be3 b4 15. axb4 axb4 16. Ne2 Nc5 17. Bd2 Qb6 18. Bc4 Rxa1 19. Rxa1 Rb8 20. Be3 Qb7 21. Bxc5 dxc5 22. Qf5 g6 23. Qxe5 Nh5 24. Ra2 Bf6 25. Qxc5 Ng7 26. Ra7 Qb6 27. Bxf7+ Kh8 28. Qxb6 Rxb6 29. Ra8+ Ne8 30. Rxe8+ Kg7 31. Bc4 Bxb2 32. Re7+ Kh6 33. e5 c5 34. h4 Rc6 35. Bg8 Kh5 36. Rxh7+ 1-0